000 00596cam a2200193 4500
008 181212n 000 0 eng u
020 _a9780323340397
035 _a(Sirsi) a209388
050 _aRC 683 CAR 2015
245 _aThe cardiac catherization handbook/lcMorton J. Kern, Paul Sorajja and Michael J. Lim
250 _a6th ed,
260 _aPhiladelphia : lbElservier, lc2015
300 _axiii, 492p. : lbill.
504 _aIncludes bibliographical references
650 _aCardiac catherization
700 _aKern, Morton J.
700 _aSorajja, Paul
700 _aLim, Michael, J.
999 _c780
_d780